000 00481nam a2200157Ia 4500
005 20250613032436.0
008 240331s9999 xx 000 0 und d
020 _a9552093333
082 _bULL
_a306
100 _aUllishewa,P
245 0 _aUdarata sanskruthika abhimanaya
260 _aColombo
_bS. Godage & Brothers
_c2008
300 _aXXiii, 239 p .,
500 _aIn this Book, Tried to Explain the pride of the upcountry regions among lower class and upper class
942 _cL
999 _c5221
_d5221